000 05355cam a22019454i 4500
003 PE-LiUPU
005 20250813165504.0
008 171204s2016 sp a rb 001 0 spa d
020 _a8490229872
020 _a9788490229873
035 _a(Sirsi) a240283
040 _aPE-LiUPU
_bspa
_cPE-LiUPU
_erda
041 1 _aspa
_heng
049 _aPRUA
082 0 4 _a611.013
_bM84
_220
100 1 _aMoore, Keith L.,
_eautor.
245 1 0 _aEmbriología clínica /
_cKeith L. Moore, T.V.N. Persaud, Mark G. Torchia.
250 _a10.a edición.
264 1 _aBarcelona :
_bElsevier,
_c2016.
300 _axix, 523 páginas :
_bilustraciones ;
_c28 centímetros
336 _atext
_2rdacontent
337 _aunmediated
_2rdamedia
338 _avolume
_2rdacarrier
504 _aBibliografía : al final de cada capítulo.
504 _aIndice : páginas 513-523.
505 0 _aIntroducción al desarrollo humano -- Primera semana del desarrollo humano -- Segunda semana del desarrollo humano -- Tercera semana del desarrollo huamano -- De la cuarta a la octava semana del desarrollo humano -- Período fetal: desde la novena semana hasta el nacimiento -- Placenta y membranas fetales -- Cavidades corporales, mesenterios y diafragma -- Aparato faríngeo, cara y cuello -- Sistema respiratorio -- Sistema alimentario -- Sistema urogenital -- Sistema cardiovascular -- Sistema esquelético -- Sistema muscular -- Desarrollo de los miembros -- Sistema nervioso -- Desarrollo de los ojos y los oídos -- Sistema tegumentario -- Malformaciones congénitas humanas -- Vías habituales de señalización que participan en el desarrollo.
526 _aP203
526 _aP200
526 _aSEG65
526 _aSEG64
526 _aSEG63
526 _aSEG62
526 _aSEG61
526 _aSEG60
526 _aSEG59
526 _aSEG58
526 _aSEG57
526 _aSEG56
526 _aSEG55
526 _aSEG54
526 _aSEG53
526 _aSEG52
526 _aSEG51
526 _aSEG50
526 _aSEG49
526 _aSEG48
526 _aSEG47
526 _aSEG46
526 _aSEG24
526 _aSEG23
526 _aSEG22
526 _aSEG21
526 _aSEG20
526 _aSEG19
526 _aSEG18
526 _aSEG17
526 _aSEG16
526 _aSEG14
526 _aSEG13
526 _aSEG12
526 _aSEG11
526 _aSEG10
526 _aSEG09
526 _aSEG06
526 _aSEG05
526 _aSEG04
526 _aSEG03
526 _aSEG02
526 _aSEG68
526 _aSEG66
526 _aSEG45
526 _aSEG25
526 _aSEG01
526 _aP163
526 _aP162
526 _aP161
526 _aP160
526 _aP159
526 _aP158
526 _aP157
526 _aP156
526 _aP155
526 _aP154
526 _aP153
526 _aP152
526 _aP151
526 _aP150
526 _aP149
526 _aP142
526 _aP141
526 _aP140
526 _aP139
526 _aP138
526 _aP137
526 _aP132
526 _aP131
526 _aP130
526 _aP126
526 _aP125
526 _aP124
526 _aP123
526 _aP115
526 _aP122
526 _aP121
526 _aP116
526 _a P114
526 _aP112
526 _aP111
526 _aP104
526 _aP103
526 _aP102
526 _aP101
526 _aP100
526 _aP96
526 _aP95
526 _aP93
526 _aP92
526 _aP91
526 _aP88
526 _aP83
526 _aP82
526 _aP79
526 _aP78
526 _aP75
526 _aP74
526 _aP71
526 _aP69
526 _a P51
526 _aP49
526 _aP48
526 _aP47
526 _aP33
526 _aP31
526 _a P30
526 _aP29
526 _aP27
526 _aP26
526 _aP25
526 _aP24
526 _a P22
526 _aP10
526 _aP09
526 _a P08
526 _aP06
526 _aP05
526 _aP04
526 _aP01
534 _pTítulo original :
_tThe developing human, clinically oriented embryology.
541 _g0001-000549;
541 _g0001-000582;
650 0 4 _aEmbriología humana.
_9766
650 0 4 _aAnormalidades humanas.
650 0 4 _aEmbriología.
650 0 4 _aHuman embryology.
650 0 4 _aHuman abnormalities.
650 0 4 _aEmbryology.
700 1 _aPersaud, T. V. N.,
_eautor.
700 1 _aTorchia, Mark G.,
_eautor.
910 _adbm
_bncf
_cncf
_d20171204
910 _adbm
_bncf
_cncf
_d20180705
596 _a1
942 _2ddc
_cBOOK
999 _a611.013 M84
_wDEWEY
_c25947
_i77456
_d25947
_e2019-11-19
_f2021-11-3
_g4
_lCCODEBUL1
_mBUL
_n18
_p66.69
_q6
_r0
_sY
_tBOOK
_u2017-12-4
_xSALUD
_zP69
_0COMPRA
_o.STAFF. Colección Ciencias de la Salud
999 _a611.013 M84
_wDEWEY
_c2
_i78958
_d2022-7-18
_e2019-11-22
_f2021-11-3
_g4
_lCCODEBUL1
_mBUL
_n18
_p88.21
_q10
_r0
_sY
_tBOOK
_u2018-7-5
_xSALUD
_zP30
_0COMPRA
_1FCOMPRA
_o.STAFF. Colección Ciencias de la Salud
980 _81
_gALBERTO SANCHEZ Responsable de Automatización